000 00637nam a2200277Ia 4500
005 20260324145246.0
008 008 260324s9999 xx 000 0 eng d
020 _a9780203765555
037 _aEBOOK
040 _aCRL
040 _beng
040 _cCRL
041 _2eng
041 _aeng
084 _qCRL
100 _aJoseph H. Di Leo
_91222330
245 0 _aInterpreting Children's Drawings
260 _bTaylor and Francis
260 _c1983
365 _a
365 _b170
856 _uhttp://www.taylorfrancis.com/books/9780203765555
942 _cEBOOK
999 _c1829981
_d1829981